000 00600nam a2200193Ia 4500
008 220216s9999 xx 000 0 und d
100 _aEl Hadrami Ismail
245 0 _aEffects of polyamine biosynthetic inhibitors on somatic embryogenesis and cellular polyamines in Hevea brasiliensis
260 _bJournal of Plant Physiology
_c1992
300 _a33-36
500 _aSource Year: 1992
650 _aCellular polyamines
650 _aHevea brasiliensis
650 _aPolyamine biosynthetic inhibitors
650 _aSomatic embryogenesis
700 _aDAuzac
856 _uBA
942 _cJS
999 _c58364
_d58364